La segunda mitad : los 50+, vivir la nueva longevidad /

Se explora aquí el significado vital de llegar o atravesar los cincuenta años, una etapa simbólica en la longevidad. El autor combina vivencias personales, observación clínica y evidencia científica para proponer una nueva mirada sobre envejecer: no se trata solo de vivir más, sino de vivir mejor, c...

ver descrição completa

Na minha lista:
Detalhes bibliográficos
Autor principal: Bernardini, Diego (autor)
Formato: Livro
Idioma:espanhol
Publicado em: México : Aguilar, 2024, c2024
Assuntos:
Tags: Adicionar Tag
Sem tags, seja o primeiro a adicionar uma tag!

MARC

LEADER 00000nam^a2200000^a^4500
001 000629001
005 20260227000000.0
009 20260310134123.254
020 |a 978-607-380-155-3 
037 |a Acervo ITESO - Biblioteca 
041 |a ESP 
082 |a 618. 97  |b BER 
100 |a Bernardini, Diego  |e (autor) 
245 1 3 |a La segunda mitad :  |b los 50+, vivir la nueva longevidad /  |c D. Bernardini. 
264 4 |a México :  |b Aguilar,  |c 2024, c2024 
300 |a 383 p. 
336 |a texto  |b txt  |2 rdacontenido 
337 |a sin mediación  |b n  |2 rdamedio 
338 |a volumen  |b nc  |2 rdasoporte 
520 |a Se explora aquí el significado vital de llegar o atravesar los cincuenta años, una etapa simbólica en la longevidad. El autor combina vivencias personales, observación clínica y evidencia científica para proponer una nueva mirada sobre envejecer: no se trata solo de vivir más, sino de vivir mejor, con hábitos saludables, proyectos significativos y una actitud activa e integrada. 
521 |a Peticiones 2026 
649 |a XX 
650 |a Ancianos -  |x Cuidado e Higiene -  |x Tema Principal 
650 |a Envejecimiento (Ciclo Vital) -  |x Aspectos Psicológicos 
650 |a Envejecimiento (Ciclo Vital) -  |x Aspectos Nutricionales 
650 |a Envejecimiento (Ciclo Vital) -  |x Aspectos Sociales y Culturales 
650 |a Envejecimiento (Ciclo Vital) -  |x Tema Principal 
650 |a Ejercicio Físico 
650 |a Hábitos Alimenticios 
650 |a Hábitos 
650 |a Gerontología -  |x Tema Principal 
650 |a Salud 
910 |a Fondo General 
920 |a Impresos - Libros 
930 |a Colección General 
905 |a 101 
901 |a 629039-10  |b IT1  |c ACC  |i C193465  |u 20260227 
902 |a https://opac.biblio.iteso.mx/vufind/Record/000629001